000 01439nam a2200337Ia 4500
001 ebr10355560
003 CaPaEBR
006 m u
007 cr cn|||||||||
008 960213s1996 miua sb s000 0 eng d
010 _z 96010299
020 _z0472107100 (hardcover : acid-free paper)
020 _z9780472085668
040 _aCaPaEBR
_cCaPaEBR
035 _a(OCoLC)649831322
050 1 4 _aPR4624
_b.A37 1996eb
082 0 4 _a823/.8
_220
100 1 _aAtkinson, Michael,
_d1942-
245 1 4 _aThe secret marriage of Sherlock Holmes, and other eccentric readings
_h[electronic resource] /
_cMichael Atkinson.
260 _aAnn Arbor :
_bUniversity of Michigan Press,
_cc1996.
300 _ax, 198 p. :
_bill.
504 _aIncludes bibliographical references (p. 195-198).
533 _aElectronic reproduction.
_bPalo Alto, Calif. :
_cebrary,
_d2010.
_nAvailable via World Wide Web.
_nAccess may be limited to ebrary affiliated libraries.
600 1 0 _aDoyle, Arthur Conan,
_cSir,
_d1859-1930
_xCharacters
_xSherlock Holmes.
650 0 _aDetective and mystery stories, English
_xHistory and criticism.
650 0 _aHolmes, Sherlock (Fictitious character)
650 0 _aPrivate investigators in literature.
655 7 _aElectronic books.
_2local
710 2 _aebrary, Inc.
856 4 0 _uhttp://site.ebrary.com/lib/rucke/Doc?id=10355560
_zAn electronic book accessible through the World Wide Web; click to view
999 _c106817
_d106817